00340nam a22000977a 4500100001900000245009700019250002000116260005000136300000700186650004900193 aPriyamal,P.G.D aInterferons and their Medical Applications: Nomenclature and ifferent Types of Inrerferons aSeminar Reports aColombobInstitiute of Chemistry Ceylonc2014 a14 anomenclature , interferonsaseminar reports